| 000 -LEADER | |
|---|---|
| fixed length control field | 00451nam a22001817a 4500 |
| 005 - DATE AND TIME OF LATEST TRANSACTION | |
| control field | 20180206153446.0 |
| 008 - FIXED-LENGTH DATA ELEMENTS--GENERAL INFORMATION | |
| fixed length control field | 160701b xxu||||| |||| 00| 0 eng d |
| 020 ## - INTERNATIONAL STANDARD BOOK NUMBER | |
| ISBN | 978-81-265-5427-0 |
| 041 ## - LANGUAGE CODE | |
| Language code of text/sound track or separate title | eng |
| 082 ## - DEWEY DECIMAL CLASSIFICATION NUMBER | |
| Item number | 20497 |
| Classification number | 005.43 |
| 100 ## - MAIN ENTRY--AUTHOR NAME | |
| Personal name | Silberschatz, Abraham and others |
| 245 ## - TITLE STATEMENT | |
| Title | Operating System concepts |
| 250 ## - EDITION STATEMENT | |
| Edition statement | 9th ed. |
| 260 ## - PUBLICATION, DISTRIBUTION, ETC. (IMPRINT) | |
| Name of publisher | Willy |
| Year of publication | 2015 |
| 300 ## - PHYSICAL DESCRIPTION | |
| Number of Pages | 819 |
| 650 ## - SUBJECT ADDED ENTRY--TOPICAL TERM | |
| Topical Term | Information Technology |
| 942 ## - ADDED ENTRY ELEMENTS (KOHA) | |
| Koha item type | Books |
| Lost status | Damaged status | Collection code | Home library | Current library | Shelving location | Date acquired | Cost, normal purchase price | Full call number | Accession Number | Koha item type |
|---|---|---|---|---|---|---|---|---|---|---|
| Reference | JRU Library | SHELF-30-A | 01/07/2016 | 650.00 | 005.43 | 20497 | Books | |||
| JRU Library | SHELF-4-E | 01/07/2016 | 650.00 | 005.43 | 20498 | Books | ||||
| CS/IT | JRU Library | SHELF-51-A | 01/07/2016 | 650.00 | 005.43 | 20499 | Books | |||
| CS/IT | JRU Library | SHELF-51-A | 01/07/2016 | 650.00 | 005.43 | 20500 | Books | |||
| CS/IT | JRU Library | SHELF-51-A | 01/07/2016 | 650.00 | 005.43 | 20501 | Books |